02219nam a22002897a 4500003000400000005001700004008004100021020004500062020003100107040002000138082002300158245011900181250002200300264010600322300005300428336002700481337002700508338002800535490003000563500003800593520107600631650002001707650004801727650003901775700002201814830009301836OSt20241002113204.0240930s2012 mx ad||f |||| 001 0 spa d a9786074771121 (Colección Sociología) a9786074777260 (de la obra) aCHAPcCHAPerda00222a338.17441bE2710aEfectos sociales de la papaya transgénica:buna evaluación ex ante /cpor Michelle Chauvet... [y otros cinco] aPrimera edición 1aMéxico:bUniversidad Autonóma Metropolitana, Divsión de Ciencias Sociales y Humanidades,c2012. a234 páginasbIlustraciones, gráficas, tablas 2rdacontentatextobtxt 2rdamediaasin mediobn 2rdacarrieravolumenbnc1 aColección Sociología. aIncluye índice y bibliografía aLas innovaciones biotecnológicas han generado preocupación sobre las posibles consecuencias a nivel de salud, alimentación y el medio ambiente. Dentro de este contexto, las autoras se sitúan en el traslape entre preocupación e innovación para la evaluación ex ante de los efectos sociales que acarrearía la introducción de una papaya trasgénica resistente al virus de la mancha anular en México, como resultado de las investigaciones que se realizan en diversos centros públicos de investigación. El objetivo era conocer y analizar los intereses y necesidades de los actores sociales involucrados, en especial de los productores, ya que este virus es uno de los problemas fitosanitarios que enfrenta el cultivo de la papaya, su manejo genera pérdidas económicas y agudiza la diferenciación social entre pequeños y grandes productores.México, como principal país exportador y por su debatido carácter de centro de origen y diversidad de la papaya, nos exige cautela, ante la liberación de una semilla genéticamente modificada.  4aPapayaxCultivo 4aAlimentos transgénicosxAspectos sociales 4aPapayaxAspectos socioeconómicos1 aChauvet, Michelle aColección Sociología.pSerie estudios, Biblioteca de Ciencias Sociales y Humanidades